El escudo del Estado de Costa Rica (1840) en el billete de 1000 (2009) = The coat of arms of the state of Costa Rica (1840) on the 1000 colones bill (2009) /
Se realiza un análisis del escudo del Estado de Costa Rica, erigido por Braulio Carrillo en 1840, y que ha sido grabado junto a su imagen en el nuevo billete de mil colones, serie A; fechados 2 de setiembre del 2009 y puestos en circulación a mediados del 2011. Se realiza entonces un recorrido por l...
Shranjeno v:
| Glavni avtor: | |
|---|---|
| Drugi avtorji: | |
| Format: | Texto |
| Teme: | |
| Oznake: |
Označite
Brez oznak, prvi označite!
|
MARC
| LEADER | 00000 a a2200000 04500 | ||
|---|---|---|---|
| 001 | 45071 | ||
| 003 | |||
| 040 | |||
| 100 | |a Vargas Zamora, José A. | ||
| 245 | |a El escudo del Estado de Costa Rica (1840) en el billete de 1000 (2009) = |b The coat of arms of the state of Costa Rica (1840) on the 1000 colones bill (2009) / |c José A. Vargas Zamora, Jorge Murillo Rivera | ||
| 500 | |a javargasz@biologia.ucr.ac.cr |a castilloeltorreon@hotmail.com | ||
| 520 | |a Se realiza un análisis del escudo del Estado de Costa Rica, erigido por Braulio Carrillo en 1840, y que ha sido grabado junto a su imagen en el nuevo billete de mil colones, serie A; fechados 2 de setiembre del 2009 y puestos en circulación a mediados del 2011. Se realiza entonces un recorrido por los símbolos de dicho escudo, y otros aspectos importantes de las monedas y billetes costarricenses. | ||
| 590 | |a KSR/AGOSTO2013 | ||
| 650 | |a 1.ESTADO | ||
| 650 | |a 2.MONEDAS | ||
| 650 | |a 3.ANALISIS DE DOCUMENTOS | ||
| 650 | |a 4.ANALISIS DE LA INFORMACION | ||
| 650 | |a 5.ESCUDO | ||
| 650 | |a 6.COSTA RICA | ||
| 700 | |a Murillo Rivera, Jorge | ||
| 773 | |g volumen92, número1 ( , 2013), páginas 9-22 : ilustraciones | ||
| 999 | |c 28425 |d 28425 | ||
